Tratado de legislación de primera enseñanza vigente en España / (Registro nro. 54063)
[ vista simple ]
| 000 -LEADER | |
|---|---|
| campo de control de longitud fija | 00493nam a2200157 i 4500 |
| 001 - NÚMERO DE CONTROL | |
| campo de control | 54063 |
| 003 - IDENTIFICADOR DE NÚMERO DE CONTROL | |
| campo de control | ES-MaACL |
| 007 - CAMPO FIJO DE DESCRIPCIÓN FÍSICA--INFORMACIÓN GENERAL | |
| campo de control de longitud fija | t| |
| 008 - DATOS DE LONGITUD FIJA--INFORMACIÓN GENERAL | |
| campo de control de longitud fija | 031124s1887 sp ||||1| spa d |
| 100 1# - ENTRADA PRINCIPAL--NOMBRE DE PERSONA | |
| Nombre de persona | Ferrer y Rivero, Pedro. |
| 9 (RLIN) | 50513 |
| 245 10 - MENCIÓN DEL TÍTULO | |
| Título | Tratado de legislación de primera enseñanza vigente en España / |
| Mención de responsabilidad, etc. | por Pedro Ferrer y Rivero. |
| 250 ## - MENCION DE EDICION | |
| Mención de edición | 5ª ed. |
| 260 ## - PUBLICACIÓN, DISTRIBUCIÓN, ETC. | |
| Lugar de publicación, distribución, etc. | Madrid : |
| Nombre del editor, distribuidor, etc. | Librería de la Viuda de Hernando y Cª, |
| Fecha de publicación, distribución, etc. | 1887. |
| 300 ## - DESCRIPCIÓN FÍSICA | |
| Extensión | XVI, 476 p. ; |
| Dimensiones | 22 cm. |
| 852 ## - LOCALIZACIÓN | |
| Ubicación | ES-MaACL |
| Número de control de estantería | B-8921 |
| Estatus retirado | Estado de pérdida | Estado de daño | No para préstamo | Colección | Biblioteca de origen | Biblioteca actual | Ubicación en estantería | Fecha de adquisición | Fuente de adquisición | Total de préstamos | Signatura topográfica completa | Código de barras | Visto por última vez | Precio de reemplazo | Tipo de ítem Koha |
|---|---|---|---|---|---|---|---|---|---|---|---|---|---|---|---|
| Libros del s. XIX | Biblioteca del Ateneo de Madrid | Biblioteca del Ateneo de Madrid | Sala Pardo Bazán | 17/01/2008 | B-8921 | 1056819 | 23/02/2023 | 23/02/2023 | Libro impreso antiguo |
